[Event "1. OEsterreichische Internet Schach Meisterschaft - Vorrunde 3"]
[Site "Online - Playchess.com"]
[Date ""]
[Round "9"]
[Board "60"]
[White "Hatzl, Johannes"]
[Black "Heinemann, Stephan"]
[Result "1-0"]
[WhiteElo "2131"]
[BlackElo "1664"]
[PlyCount "115"]
[EventDate "2020.04.17"]
[EventRounds "9"]
[EventCountry "AUT"]

1. d4 d5 2. Bf4 Nc6 3. Nf3 Bg4 4. Nbd2 Nf6 5. h3 Bh5 6. e3 e6 7. c4 Bd6 8. Bxd6 Qxd6
9. c5 Qe7 10. Bb5 Ne4 11. Qa4 Qd7 12. Bxc6 bxc6 13. Ne5 Qc8 14. Nxe4 dxe4 15. Qxc6+
Ke7 16. Qxe4 Bg6 17. Nxg6+ fxg6 18. O-O Rf8 19. b3 Qd7 20. Rad1 Rae8 21. Qh4+ Kf7
22. a4 Kg8 23. Qe4 Rf5 24. Rd2 Ref8 25. Qb7 a5 26. Qa6 Qd5 27. Qc4 Qc6 28. Qc3 Rg5
29. f4 Rg3 30. Qd3 Qd5 31. Kh2 g5 32. Kxg3 gxf4+ 33. exf4 e5 34. dxe5 Qe6 35. Kh2
Qg6 36. Qxg6 hxg6 37. g3 Kh7 38. Rfd1 Kh6 39. h4 g5 40. hxg5+ Kh5 41. Kh3 Rh8 42.
Rd7 Kg6+ 43. Kg4 c6 44. R1d6+ Kh7 45. Rxc6 Rg8 46. Rcc7 Kg6 47. Rxg7+ Rxg7 48. Rxg7+
Kxg7 49. Kf5 Kf7 50. g4 Kg7 51. Ke6 Kf8 52. c6 Ke8 53. c7 Kf8 54. f5 Kg7 55. Ke7
Kh7 56. Kf7 Kh8 57. c8=Q+ Kh7 58. Qg8#  1-0

[Event "1. OEsterreichische Internet Schach Meisterschaft - Vorrunde 3"]
[Site "Online - Playchess.com"]
[Date ""]
[Round "9"]
[Board "62"]
[White "Riemelmoser, Stefan"]
[Black "Kepplinger, Lukas"]
[Result "0-1"]
[WhiteElo "2046"]
[BlackElo "2014"]
[PlyCount "74"]
[EventDate "2020.04.17"]
[EventRounds "9"]
[EventCountry "AUT"]

1. e4 c5 2. Nf3 e6 3. d4 cxd4 4. Nxd4 Nf6 5. Nc3 Bb4 6. Ndb5 Qb6 7. Be3 Qc6 8. e5
Nd5 9. Bd4 a6 10. Nd6+ Ke7 11. Qf3 Rf8 12. a3 Bxd6 13. exd6+ Qxd6 14. Ne4 Qf4 15.
Bc5+ d6 16. Bxd6+ Qxd6 17. Nxd6 Kxd6 18. Bc4 b5 19. Bxd5 exd5 20. O-O-O Be6 21. Rhe1
Nc6 22. Qg3+ Kd7 23. Qxg7 Ne7 24. Qxh7 Rac8 25. Rd2 Rc7 26. Qh3 Bxh3 27. gxh3 Rfc8
28. Ree2 Kd6 29. Re3 Rc4 30. Rf3 Ke6 31. Re3+ Re4 32. Rf3 Re1+ 33. Rd1 Rxd1+ 34.
Kxd1 Rh8 35. Kd2 Nf5 36. Kc3 Rh4 37. Kb3 Nd4+  0-1

[Event "1. OEsterreichische Internet Schach Meisterschaft - Vorrunde 3"]
[Site "Online - Playchess.com"]
[Date ""]
[Round "9"]
[Board "63"]
[White "Prinz, Hubert"]
[Black "Hessenberger, Andreas"]
[Result "1-0"]
[WhiteElo "1956"]
[BlackElo "2019"]
[PlyCount "79"]
[EventDate "2020.04.17"]
[EventRounds "9"]
[EventCountry "AUT"]

1. d4 d5 2. Nf3 c6 3. e3 f6 4. c4 e6 5. cxd5 exd5 6. Nbd2 Bd6 7. b3 Ne7 8. Bd3 Ng6
9. a4 Bg4 10. Qc2 Kf7 11. h3 Be6 12. O-O Nd7 13. e4 Nf4 14. e5 fxe5 15. dxe5 Nxe5
16. Nxe5+ Bxe5 17. Rb1 Bxh3 18. Nf3 Nxg2 19. Nxe5+ Kf8 20. Bf5 Qh4 21. Qc5+ Ke8 22.
Bxh3 Qxh3 23. Bg5 Qe6 24. Kxg2 b6 25. Qxc6+ Qxc6 26. Nxc6 Rc8 27. Rbc1 Kf8 28. Be3
Kf7 29. Bd4 h5 30. Ne5+ Ke6 31. Rfe1 Kf5 32. Nf3 h4 33. Rxc8 Rxc8 34. Nxh4+ Kg4 35.
Nf3 g6 36. Ne5+ Kf5 37. Nf3 g5 38. Re5+ Kf4 39. Be3+ Kg4 40. Rxg5#  1-0

[Event "1. OEsterreichische Internet Schach Meisterschaft - Vorrunde 3"]
[Site "Online - Playchess.com"]
[Date ""]
[Round "9"]
[Board "64"]
[White "Schneider-Zinner, Werner"]
[Black "Kessler, Manuel"]
[Result "0-1"]
[WhiteElo "1967"]
[BlackElo "1731"]
[PlyCount "92"]
[EventDate "2020.04.17"]
[EventRounds "9"]
[EventCountry "AUT"]

1. d4 Nf6 2. Nf3 c5 3. c3 e6 4. Bf4 Nc6 5. e3 d5 6. Nbd2 Bd6 7. Bg3 O-O 8. Bd3 Re8
9. Ne5 Bxe5 10. dxe5 Nd7 11. Bxh7+ Kxh7 12. Nf3 Kg8 13. h4 f6 14. exf6 Nxf6 15. Bf4
e5 16. Bg5 Bg4 17. Qc2 Bxf3 18. gxf3 d4 19. Qg6 dxe3 20. fxe3 Ne7 21. Qc2 Qd7 22.
Bxf6 gxf6 23. Rg1+ Kf7 24. Rd1 Qf5 25. Qb3+ Qe6 26. Rg7+ Kxg7 27. Qxe6 Nc6 28. Qg4+
Kf7 29. Rd7+ Re7 30. Rxe7+ Nxe7 31. Qd7 Rb8 32. Qc7 Rf8 33. Qxb7 Rh8 34. Qxa7 Rxh4
35. Qxc5 Ke6 36. Ke2 Rh2+ 37. Kd3 Rxb2 38. Qa3 Rf2 39. Qb3+ Kf5 40. Qb5 Ng6 41. Qc6
Nh4 42. Qe4+ Kg5 43. a4 Nxf3 44. Kc4 Nd2+ 45. Kd3 Nxe4 46. Kxe4 Ra2  0-1

[Event "1. OEsterreichische Internet Schach Meisterschaft - Vorrunde 3"]
[Site "Online - Playchess.com"]
[Date ""]
[Round "9"]
[Board "65"]
[White "Stolzlechner, Thomas"]
[Black "Strasser, Josef"]
[Result "0-1"]
[WhiteElo "2037"]
[BlackElo "1829"]
[PlyCount "46"]
[EventDate "2020.04.17"]
[EventRounds "9"]
[EventCountry "AUT"]

1. e4 d5 2. exd5 Qxd5 3. Nc3 Qe5+ 4. Qe2 Qxe2+ 5. Bxe2 c6 6. Nf3 Nf6 7. Rf1 Bf5 8.
d3 e6 9. Bg5 Nbd7 10. O-O-O h6 11. Bd2 Be7 12. h3 O-O-O 13. Nd4 Bg6 14. f4 Bc5 15.
Nf3 Rhe8 16. Ne5 Nxe5 17. fxe5 Nd5 18. Ne4 Be7 19. Bf3 Rf8 20. Nc3 Kb8 21. Nxd5 cxd5
22. d4 Rc8 23. Kb1 Bxc2+  0-1

[Event "1. OEsterreichische Internet Schach Meisterschaft - Vorrunde 3"]
[Site "Online - Playchess.com"]
[Date ""]
[Round "9"]
[Board "66"]
[White "Katter, Marlene"]
[Black "Gartmayer, Stefan"]
[Result "1-0"]
[WhiteElo "1609"]
[BlackElo "1914"]
[PlyCount "77"]
[EventDate "2020.04.17"]
[EventRounds "9"]
[EventCountry "AUT"]

1. d4 e6 2. Bf4 d5 3. e3 Nf6 4. c4 c5 5. Nc3 a6 6. Nf3 Nc6 7. Ne5 cxd4 8. exd4 dxc4
9. Nxc6 bxc6 10. Bxc4 Nd5 11. Be3 Bb4 12. Qc2 Qa5 13. Bd2 O-O 14. O-O Rb8 15. a3
Bxc3 16. Bxc3 Nxc3 17. bxc3 e5 18. a4 exd4 19. cxd4 Qg5 20. Qd3 Bf5 21. Qg3 Qf6 22.
Rfd1 a5 23. Qe5 Qxe5 24. dxe5 Rb4 25. Be2 Re4 26. Bf3 Rxe5 27. Bxc6 Rc5 28. Bb5 h5
29. Rac1 Rfc8 30. Rxc5 Rxc5 31. h3 Be6 32. Rd8+ Kh7 33. Ra8 Rc1+ 34. Kh2 Rc2 35.
f3 Bd5 36. Rxa5 Bxf3 37. Bd3+ g6 38. Bxc2 Bd5 39. Rxd5  1-0

[Event "1. OEsterreichische Internet Schach Meisterschaft - Vorrunde 3"]
[Site "Online - Playchess.com"]
[Date ""]
[Round "9"]
[Board "67"]
[White "Werdecker, Roland"]
[Black "Maister, Dieter"]
[Result "1/2-1/2"]
[WhiteElo "1960"]
[BlackElo "1851"]
[PlyCount "70"]
[EventDate "2020.04.17"]
[EventRounds "9"]
[EventCountry "AUT"]

1. d4 c6 2. Nf3 d5 3. g3 Nf6 4. Bg2 Bf5 5. Nbd2 e6 6. c4 Bd6 7. Qb3 Qd7 8. O-O O-O
9. Rd1 dxc4 10. Nxc4 b6 11. Nxd6 Qxd6 12. Ne5 Rc8 13. Bf4 Qe7 14. Rac1 Be4 15. Bxe4
Nxe4 16. f3 Nf6 17. e4 Nfd7 18. Nc4 c5 19. Nd6 Rc6 20. e5 cxd4 21. Qb5 Rxc1 22. Rxc1
Nc5 23. b4 Nb7 24. Nxb7 g5 25. Nd6 gxf4 26. Rc8+ Kg7 27. Qd3 fxg3 28. hxg3 Qg5 29.
Qe4 Qxg3+ 30. Kf1 Qh3+ 31. Ke2 Qg2+ 32. Ke1 Qg1+ 33. Ke2 Qg2+ 34. Ke1 Qh1+ 35. Ke2
Qg2+  1/2-1/2

[Event "1. OEsterreichische Internet Schach Meisterschaft - Vorrunde 3"]
[Site "Online - Playchess.com"]
[Date ""]
[Round "9"]
[Board "68"]
[White "Schwarz, Benedikt"]
[Black "Moerwald, Magdalena"]
[Result "1-0"]
[WhiteElo "1815"]
[BlackElo "1791"]
[PlyCount "79"]
[EventDate "2020.04.17"]
[EventRounds "9"]
[EventCountry "AUT"]

1. d4 d5 2. Bf4 Nf6 3. e3 e6 4. Nf3 c5 5. c3 Nc6 6. Nbd2 b6 7. Bd3 Bb7 8. Qe2 c4
9. Bc2 Bd6 10. Bg3 Bxg3 11. hxg3 b5 12. Ne5 Qc7 13. f4 a5 14. g4 b4 15. g5 Nd7 16.
g6 Ncxe5 17. fxe5 fxg6 18. Bxg6+ Ke7 19. Rxh7 Rxh7 20. Bxh7 bxc3 21. bxc3 Rh8 22.
Bc2 Rh1+ 23. Nf1 a4 24. O-O-O Qa5 25. Qd2 Rh8 26. e4 Rh5 27. exd5 Bxd5 28. g4 Rh8
29. Qg5+ Kf8 30. Qf4+ Ke7 31. Qg5+ Kf8 32. Qf4+ Ke7 33. Kd2 a3 34. Ne3 Rb8 35. Qg5+
Kf8 36. Rf1+ Kg8 37. Qg6 Nf8 38. Qf7+ Kh8 39. Rh1+ Nh7 40. Rxh7#  1-0

[Event "1. OEsterreichische Internet Schach Meisterschaft - Vorrunde 3"]
[Site "Online - Playchess.com"]
[Date ""]
[Round "9"]
[Board "69"]
[White "Andreatta, Ralph"]
[Black "Steirer, Gerhard"]
[Result "0-1"]
[WhiteElo "1623"]
[BlackElo "1854"]
[PlyCount "106"]
[EventDate "2020.04.17"]
[EventRounds "9"]
[EventCountry "AUT"]

1. d4 Nf6 2. c4 e5 3. d5 Bc5 4. e3 d6 5. Nc3 Ng4 6. f3 Nxe3 7. Bxe3 Bxe3 8. Qe2 Bd4
9. Nb5 O-O 10. Nxd4 exd4 11. Qd3 Re8+ 12. Be2 Qg5 13. g3 c5 14. Kf2 Re3 15. Qd2 Bf5
16. f4 Qg6 17. Nf3 Be4 18. Nh4 Qf6 19. Bf3 g5 20. Bxe4 Rxe4 21. Ng2 Nd7 22. Rae1
Rae8 23. Rxe4 Rxe4 24. Re1 Rxe1 25. Qxe1 Kg7 26. Qe8 Qf5 27. Ne1 Nf6 28. Qe2 Ng4+
29. Kg2 Ne3+ 30. Kg1 gxf4 31. Qf3 fxg3 32. Qxg3+ Qg6 33. Qxg6+ hxg6 34. b3 Kf6 35.
Nd3 Kf5 36. Kf2 Ke4 37. Ne1 Ng4+ 38. Kg3 f5 39. h3 Ne5 40. Kf2 Nd3+ 41. Nxd3 Kxd3
42. Kf3 Kc2 43. Kf4 d3 44. Kg5 d2 45. Kxg6 d1=Q 46. h4 Qg4+ 47. Kf6 Qxh4+ 48. Kxf5
Qd4 49. Ke6 Qe5+ 50. Kd7 Kb2 51. Kc7 Kxa2 52. Kxb7 Kxb3 53. Kxa7 Kxc4  0-1

[Event "1. OEsterreichische Internet Schach Meisterschaft - Vorrunde 3"]
[Site "Online - Playchess.com"]
[Date ""]
[Round "9"]
[Board "70"]
[White "Schumi, Manfred"]
[Black "Redhammer, Markus"]
[Result "0-1"]
[WhiteElo "2202"]
[BlackElo "1911"]
[PlyCount "76"]
[EventDate "2020.04.17"]
[EventRounds "9"]
[EventCountry "AUT"]

1. e4 d6 2. d4 g6 3. Nc3 Bg7 4. Bf4 Nf6 5. Qd2 O-O 6. O-O-O Nc6 7. Nf3 a6 8. Bh6
Bg4 9. h4 e5 10. Bxg7 Kxg7 11. dxe5 Nxe5 12. Qe3 Qe8 13. Be2 Nxf3 14. gxf3 Bh5 15.
Rhg1 b5 16. f4 Bxe2 17. Qxe2 b4 18. Nd5 Qxe4 19. Qxe4 Nxe4 20. Nxc7 Ra7 21. Nd5 Nxf2
22. Rdf1 Ne4 23. Nxb4 Rc8 24. Nd3 Rac7 25. c3 d5 26. f5 d4 27. Rf4 Nxc3 28. bxc3
Rxc3+ 29. Kd2 Rc2+ 30. Kd1 Rxa2 31. f6+ Kg8 32. Rxd4 Ra1+ 33. Ke2 Rxg1 34. Nf4 h5
35. Ra4 Rg4 36. Kd3 Rd8+ 37. Ke3 Rd6 38. Re4 Rxf6  0-1

[Event "1. OEsterreichische Internet Schach Meisterschaft - Vorrunde 3"]
[Site "Online - Playchess.com"]
[Date ""]
[Round "9"]
[Board "71"]
[White "Schwabeneder, Alois"]
[Black "Ardelt, Hannes"]
[Result "1-0"]
[WhiteElo "2004"]
[BlackElo "1732"]
[PlyCount "27"]
[EventDate "2020.04.17"]
[EventRounds "9"]
[EventCountry "AUT"]

1. e4 g6 2. d4 Bg7 3. c4 e6 4. Nc3 b6 5. Nf3 Bb7 6. Be2 Ne7 7. O-O d6 8. Be3 O-O
9. Qd2 Nd7 10. Bh6 f5 11. Bxg7 Kxg7 12. e5 d5 13. Ng5 dxc4 14. Nxe6+  1-0

[Event "1. OEsterreichische Internet Schach Meisterschaft - Vorrunde 3"]
[Site "Online - Playchess.com"]
[Date ""]
[Round "9"]
[Board "72"]
[White "Enne, Harald"]
[Black "Ploeckinger, Paul"]
[Result "1-0"]
[WhiteElo "1916"]
[BlackElo "1334"]
[PlyCount "71"]
[EventDate "2020.04.17"]
[EventRounds "9"]
[EventCountry "AUT"]

1. d4 Nf6 2. c4 g6 3. Nc3 Bg7 4. e4 d6 5. f3 O-O 6. Be3 e5 7. d5 c5 8. Qd2 b6 9.
Be2 Ba6 10. g4 Nbd7 11. h4 h5 12. Bg5 Qc8 13. gxh5 Nxh5 14. Be7 Re8 15. Bxd6 Qd8
16. f4 Nxf4 17. h5 Qf6 18. Bc7 Ng2+ 19. Kd1 Rac8 20. d6 Qf2 21. Nd5 Kh8 22. hxg6+
Kg8 23. Ne7+ Rxe7 24. dxe7 Ne3+ 25. Kc1 Rxc7 26. e8=Q+ Bf8 27. gxf7+ Kg7 28. Nf3
Qg2 29. Rg1 Qxg1+ 30. Nxg1 Nf6 31. Qxe5 Rd7 32. Qxd7 Bd6 33. Qdxd6 Bc8 34. Qexf6+
Kh7 35. Qg6+ Kh8 36. Qg8#  1-0

[Event "1. OEsterreichische Internet Schach Meisterschaft - Vorrunde 3"]
[Site "Online - Playchess.com"]
[Date ""]
[Round "9"]
[Board "73"]
[White "Schein, Alexander"]
[Black "Tauber, Andreas"]
[Result "0-1"]
[WhiteElo "1631"]
[BlackElo "1972"]
[PlyCount "26"]
[EventDate "2020.04.17"]
[EventRounds "9"]
[EventCountry "AUT"]

1. e4 c5 2. Nf3 Nc6 3. d4 cxd4 4. Nxd4 Nf6 5. Nc3 e6 6. Bc4 Bb4 7. Bd2 Nxd4 8. O-O
O-O 9. Bg5 e5 10. Nd5 Be7 11. Nxe7+ Qxe7 12. c3 Ne6 13. Qf3 Nxg5  0-1

[Event "1. OEsterreichische Internet Schach Meisterschaft - Vorrunde 3"]
[Site "Online - Playchess.com"]
[Date ""]
[Round "9"]
[Board "74"]
[White "Horvath, Maria"]
[Black "Thummer, Philipp"]
[Result "1-0"]
[WhiteElo "1995"]
[BlackElo "1207"]
[PlyCount "61"]
[EventDate "2020.04.17"]
[EventRounds "9"]
[EventCountry "AUT"]

1. d4 d6 2. c4 c6 3. Nc3 g6 4. e4 Bg7 5. f3 Nd7 6. Be3 b6 7. Qd2 a6 8. Bd3 c5 9.
Nge2 e5 10. d5 Ne7 11. a3 f5 12. b4 f4 13. Bf2 O-O 14. b5 a5 15. a4 Nf6 16. O-O-O
h5 17. g3 fxg3 18. hxg3 Kh7 19. Rdg1 Bh6 20. Be3 Neg8 21. g4 Ra7 22. g5 Ne8 23. gxh6
Raf7 24. f4 Bg4 25. f5 Bxe2 26. Qxe2 Rf6 27. Bg5 Nxh6 28. Bxf6 Rxf6 29. fxg6+ Rxg6
30. Rxg6 Kxg6 31. Qxh5+  1-0

[Event "1. OEsterreichische Internet Schach Meisterschaft - Vorrunde 3"]
[Site "Online - Playchess.com"]
[Date ""]
[Round "9"]
[Board "75"]
[White "Ussar, Reinhard"]
[Black "Wimmer, Norbert"]
[Result "0-1"]
[WhiteElo "1676"]
[BlackElo "1973"]
[PlyCount "56"]
[EventDate "2020.04.17"]
[EventRounds "9"]
[EventCountry "AUT"]

1. e4 d5 2. exd5 Qxd5 3. Nc3 Qd6 4. d4 Nf6 5. Nf3 Bg4 6. g3 Nc6 7. Bf4 Qb4 8. Qd3
Bxf3 9. Qxf3 O-O-O 10. a3 Qxb2 11. Rb1 Qxc2 12. Bg2 Nd5 13. O-O Qxc3 14. Qg4+ e6
15. Be3 Nxe3 16. fxe3 Qxe3+ 17. Kh1 Qxd4 18. Qxd4 Rxd4 19. Rxf7 Rd7 20. Rf4 e5 21.
Bxc6 exf4 22. Bxb7+ Kd8 23. Bc6 Rd6 24. Rb8+ Ke7 25. Re8+ Kf7 26. Ba4 c6 27. Re1
fxg3 28. hxg3 Be7  0-1

[Event "1. OEsterreichische Internet Schach Meisterschaft - Vorrunde 3"]
[Site "Online - Playchess.com"]
[Date ""]
[Round "9"]
[Board "76"]
[White "Neubauer, Anton"]
[Black "Leitgeber, Christian"]
[Result "0-1"]
[WhiteElo "1879"]
[BlackElo "1904"]
[PlyCount "84"]
[EventDate "2020.04.17"]
[EventRounds "9"]
[EventCountry "AUT"]

1. e4 c5 2. Nf3 d6 3. Bc4 e6 4. Bb3 Nd7 5. c3 g6 6. d4 Bg7 7. O-O Ne7 8. Bg5 O-O
9. Nbd2 h6 10. Be3 b6 11. Re1 Bb7 12. Bc2 Rc8 13. Rc1 f5 14. e5 d5 15. Nf1 g5 16.
g3 Qe8 17. Bxg5 hxg5 18. Nxg5 Qg6 19. f4 Bh6 20. h4 Bxg5 21. hxg5 Rf7 22. Re2 Rh7
23. Rh2 Kg7 24. Rxh7+ Qxh7 25. Ba4 Nf8 26. Rc2 Bc6 27. Rh2 Qg8 28. Bxc6 Nxc6 29.
Rh6 Ng6 30. Qh5 Nce7 31. Ne3 cxd4 32. cxd4 Rc1+ 33. Kh2 Qc8 34. Rh7+ Kf8 35. Qh6+
Ke8 36. Qg7 Re1 37. Qf7+ Kd8 38. Ng2 Re2 39. Rh6 Qc2 40. Rh8+ Nxh8 41. Qf8+ Kd7 42.
Qd8+ Kxd8  0-1

[Event "1. OEsterreichische Internet Schach Meisterschaft - Vorrunde 3"]
[Site "Online - Playchess.com"]
[Date ""]
[Round "9"]
[Board "77"]
[White "Wurzer, Gerhard"]
[Black "Kwech, Martin"]
[Result "1-0"]
[WhiteElo "1889"]
[BlackElo "1105"]
[PlyCount "89"]
[EventDate "2020.04.17"]
[EventRounds "9"]
[EventCountry "AUT"]

1. c3 d5 2. Qc2 e5 3. d3 Nf6 4. e4 dxe4 5. dxe4 Bc5 6. Be2 Bg4 7. Nf3 Nc6 8. Nbd2
O-O 9. Nf1 Nh5 10. h3 Bxf3 11. Bxf3 Nf4 12. Bxf4 exf4 13. Nd2 Ne5 14. O-O Nxf3+ 15.
Nxf3 Qf6 16. Rad1 Rad8 17. Rxd8 Rxd8 18. Rd1 Rxd1+ 19. Qxd1 h6 20. Qd5 Qb6 21. Qd2
Qd6 22. Qxd6 Bxd6 23. Kf1 Kf8 24. Ke2 Ke7 25. Kd3 Ke6 26. b3 g5 27. Nd4+ Ke7 28.
Nf5+ Kf6 29. Nxh6 Kg6 30. Nf5 Kf6 31. f3 Ba3 32. c4 Bb2 33. c5 Ba3 34. Kc4 b6 35.
b4 Bb2 36. Kb5 Ba3 37. cxb6 axb6 38. Nd4 Bb2 39. Nc6 Be5 40. a4 Ke6 41. a5 bxa5 42.
bxa5 Bc3 43. a6 Bd4 44. Nxd4+ Kd6 45. Nc6  1-0

[Event "1. OEsterreichische Internet Schach Meisterschaft - Vorrunde 3"]
[Site "Online - Playchess.com"]
[Date ""]
[Round "9"]
[Board "78"]
[White "Virag, Herbert"]
[Black "Dilly, Julian"]
[Result "1-0"]
[WhiteElo "1776"]
[BlackElo "1502"]
[PlyCount "99"]
[EventDate "2020.04.17"]
[EventRounds "9"]
[EventCountry "AUT"]

1. d4 Nf6 2. Bf4 g6 3. e3 Bg7 4. Be2 d6 5. Nf3 Nbd7 6. O-O Nh5 7. Bg5 h6 8. Bh4 g5
9. Nfd2 gxh4 10. Bxh5 Nf6 11. Bf3 e5 12. c4 e4 13. Nxe4 h3 14. g3 Qe7 15. Nxf6+ Qxf6
16. Nc3 h5 17. Nd5 Qd8 18. Bxh5 c6 19. Qf3 Be6 20. Nf4 Qg5 21. Nxe6 Rxh5 22. Nxg7+
Qxg7 23. Qxh5 O-O-O 24. Qxh3+ Kb8 25. Qg2 Rh8 26. Rad1 Qh6 27. e4 f6 28. e5 dxe5
29. dxe5 f5 30. Rd6 Qh7 31. Rfd1 f4 32. e6 f3 33. Qh1 Qe4 34. Rd8+ Rxd8 35. Rxd8+
Kc7 36. Rd7+ Kb6 37. h4 Qe1+ 38. Kh2 Qxf2+ 39. Kh3 Qe2 40. Qd1 Qxe6+ 41. Kh2 f2 42.
Qd4+ c5 43. Rd6+ Qxd6 44. Qxd6+ Ka5 45. Qf4 b6 46. Qxf2 Kb4 47. g4 Kxc4 48. g5 b5
49. g6 b4 50. g7  1-0

[Event "1. OEsterreichische Internet Schach Meisterschaft - Vorrunde 3"]
[Site "Online - Playchess.com"]
[Date ""]
[Round "9"]
[Board "79"]
[White "Rotter, Harald"]
[Black "Lager, Johannes"]
[Result "0-1"]
[WhiteElo "1854"]
[BlackElo "1611"]
[PlyCount "68"]
[EventDate "2020.04.17"]
[EventRounds "9"]
[EventCountry "AUT"]

1. e4 c5 2. Nf3 d6 3. Bb5+ Bd7 4. a4 a6 5. Bxd7+ Nxd7 6. c3 g6 7. d3 Bg7 8. Bg5 Ngf6
9. Nbd2 O-O 10. O-O Qc7 11. Re1 b5 12. Rc1 Rfc8 13. Qb3 Qb7 14. e5 dxe5 15. Nxe5
Nxe5 16. Rxe5 e6 17. Re2 Nd5 18. Ne4 Qc6 19. c4 Nb4 20. cxb5 axb5 21. Rxc5 Qd7 22.
Qxb4 Rxc5 23. Nxc5 Qc6 24. Be3 bxa4 25. Bd4 Bf8 26. Qc3 Qd5 27. Re1 Rc8 28. Rc1 e5
29. Be3 f5 30. Qc4 Qxc4 31. Rxc4 f4 32. Bxf4 exf4 33. Nxa4 Re8 34. Rxf4 Re1#  0-1

[Event "1. OEsterreichische Internet Schach Meisterschaft - Vorrunde 3"]
[Site "Online - Playchess.com"]
[Date ""]
[Round "9"]
[Board "80"]
[White "Krassnitzer, Julia"]
[Black "Kanzian, Heinz"]
[Result "0-1"]
[WhiteElo "1803"]
[BlackElo "1642"]
[PlyCount "68"]
[EventDate "2020.04.17"]
[EventRounds "9"]
[EventCountry "AUT"]

1. e4 e5 2. Nf3 d6 3. Bc4 Be7 4. O-O Nf6 5. Re1 O-O 6. h3 Be6 7. Bxe6 fxe6 8. c3
h6 9. d4 exd4 10. cxd4 Kh8 11. Qb3 Qc8 12. Nc3 Nh7 13. d5 e5 14. Be3 Nd7 15. Rac1
b6 16. Nb5 Nc5 17. Bxc5 bxc5 18. Qd1 a6 19. Nc3 Ng5 20. Nxg5 Bxg5 21. Rc2 Qe8 22.
Rf1 Qg6 23. Qg4 Qh7 24. h4 Rf4 25. Qd7 Rxh4 26. Qxc7 Qg6 27. Ne2 Bf4 28. Nxf4 Rxf4
29. f3 Rh4 30. Qd7 Qg3 31. Qxd6 Rg8 32. Qxc5 Rh2 33. d6 Qh4 34. Qxe5 Rh1#  0-1

[Event "1. OEsterreichische Internet Schach Meisterschaft - Vorrunde 3"]
[Site "Online - Playchess.com"]
[Date ""]
[Round "9"]
[Board "81"]
[White "Fugger, Christian"]
[Black "Wilplinger, Hugo"]
[Result "1-0"]
[WhiteElo "1807"]
[BlackElo "1629"]
[PlyCount "31"]
[EventDate "2020.04.17"]
[EventRounds "9"]
[EventCountry "AUT"]

1. d4 d5 2. c4 e6 3. Nc3 Nf6 4. Bg5 Be7 5. e3 O-O 6. Nf3 Nbd7 7. Rc1 c5 8. cxd5 Nxd5
9. Bxe7 Nxe7 10. Bd3 cxd4 11. Nxd4 Nc5 12. Bxh7+ Kh8 13. Qh5 Nd3+ 14. Kd2 Nxc1 15.
Bg6+ Kg8 16. Qh7#  1-0

[Event "1. OEsterreichische Internet Schach Meisterschaft - Vorrunde 3"]
[Site "Online - Playchess.com"]
[Date ""]
[Round "9"]
[Board "82"]
[White "Wimmer, Michael"]
[Black "Kipman, Felix"]
[Result "1-0"]
[WhiteElo "1559"]
[BlackElo "1576"]
[PlyCount "83"]
[EventDate "2020.04.17"]
[EventRounds "9"]
[EventCountry "AUT"]

1. e4 c6 2. d4 d5 3. exd5 cxd5 4. Bd3 Nc6 5. c3 Nf6 6. h3 g6 7. Nf3 Bf5 8. Bf4 e6
9. Bxf5 exf5 10. O-O Bg7 11. Re1+ Ne7 12. Qe2 Ne4 13. Nh2 Bf6 14. f3 Nd6 15. Be5
Bh4 16. Bxh8 Bxe1 17. Qxe1 Nc4 18. b3 Nb6 19. Bf6 Qd6 20. Qxe7+ Qxe7 21. Bxe7 Kxe7
22. Nd2 Rc8 23. Rc1 Kd6 24. Kf2 Re8 25. c4 dxc4 26. Nxc4+ Nxc4 27. bxc4 f4 28. Ng4
f5 29. Ne5 Rc8 30. Rb1 b6 31. Rb5 Rb8 32. Rd5+ Ke6 33. a4 a5 34. Ke2 Rc8 35. Kd3
Rc7 36. Rd8 Rb7 37. Rc8 Kd6 38. Rc6+ Ke7 39. d5 Rb8 40. Kd4 g5 41. Rc7+ Kd6 42. Rd7#
 1-0

[Event "1. OEsterreichische Internet Schach Meisterschaft - Vorrunde 3"]
[Site "Online - Playchess.com"]
[Date ""]
[Round "9"]
[Board "83"]
[White "Pristernik, Arnold"]
[Black "Gallob, Marko"]
[Result "1/2-1/2"]
[WhiteElo "1551"]
[BlackElo "1961"]
[PlyCount "104"]
[EventDate "2020.04.17"]
[EventRounds "9"]
[EventCountry "AUT"]

1. d4 f5 2. Nf3 g6 3. c4 Bg7 4. Nc3 d6 5. Bg5 Nf6 6. e3 O-O 7. Bd3 Nbd7 8. O-O h6
9. Bxf6 Bxf6 10. Nd5 Bg7 11. Qb3 c6 12. Nf4 Kh7 13. Ne6 Nc5 14. Nxf8+ Qxf8 15. dxc5
dxc5 16. Rad1 e5 17. Be2 Be6 18. h3 Rb8 19. Nh2 b5 20. cxb5 Bxb3 21. axb3 cxb5 22.
Rd7 Rd8 23. Rfd1 Rxd7 24. Rxd7 a5 25. Bxb5 f4 26. exf4 Qxf4 27. Nf3 Qc1+ 28. Kh2
Qxb2 29. Bc4 a4 30. bxa4 e4 31. Nh4 Qxf2 32. a5 Qf4+ 33. g3 Qf6 34. a6 Qb2+ 35. Ng2
Qb8 36. Rb7 Qa8 37. Rc7 e3 38. Rxc5 Be5 39. Rxe5 Kg7 40. Re7+ Kf6 41. Rxe3 Kf5 42.
Rf3+ Ke5 43. Re3+ Kd4 44. Bb5 Kc5 45. Re5+ Kb6 46. Re6+ Kxb5 47. Rxg6 Kc5 48. Rxh6
Kd4 49. Rh4+ Kd3 50. Rh6 Kd4 51. Rd6+ Ke4 52. Re6+ Kd4  1/2-1/2

[Event "1. OEsterreichische Internet Schach Meisterschaft - Vorrunde 3"]
[Site "Online - Playchess.com"]
[Date ""]
[Round "9"]
[Board "84"]
[White "Moerzinger, Christian Jun."]
[Black "Friedl, Markus"]
[Result "1-0"]
[WhiteElo "1638"]
[BlackElo "1824"]
[PlyCount "105"]
[EventDate "2020.04.17"]
[EventRounds "9"]
[EventCountry "AUT"]

1. e4 e5 2. Nf3 d6 3. g3 Nc6 4. Bg2 Bd7 5. c3 Nf6 6. d3 Be7 7. O-O O-O 8. h3 a6 9.
Be3 Qc8 10. Kh2 h6 11. Nbd2 Nh7 12. d4 exd4 13. Nxd4 Ne5 14. N4f3 Nxf3+ 15. Nxf3
Bc6 16. Nd4 Bd7 17. f4 Bf6 18. Qc2 Re8 19. Rae1 c5 20. Nf5 Bxf5 21. exf5 Rb8 22.
Bg1 Nf8 23. Bd5 Qd7 24. Rxe8 Rxe8 25. Bf2 b5 26. Re1 Rxe1 27. Bxe1 Qe8 28. Qd2 Nd7
29. Bc6 Qe7 30. Bb7 Nb8 31. Bd5 Kf8 32. Bf2 g5 33. Qe3 gxf4 34. gxf4 a5 35. Kg3 Bh4+
36. Kf3 Bxf2 37. Qxf2 Qf6 38. Qc2 Qh4 39. Qg2 b4 40. Qg4 Qxg4+ 41. hxg4 f6 42. cxb4
axb4 43. Ke4 Ke7 44. a4 bxa3 45. bxa3 Nd7 46. a4 Nb6 47. a5 Nc8 48. Bb7 Na7 49. a6
Kf7 50. Kd5 Ke7 51. Bc6 Nc8 52. Bb5 Na7 53. Bc6  1-0

[Event "1. OEsterreichische Internet Schach Meisterschaft - Vorrunde 3"]
[Site "Online - Playchess.com"]
[Date ""]
[Round "9"]
[Board "85"]
[White "Schein, Leopold"]
[Black "Pasteiner, Gernot"]
[Result "1-0"]
[WhiteElo "1584"]
[BlackElo "1632"]
[PlyCount "51"]
[EventDate "2020.04.17"]
[EventRounds "9"]
[EventCountry "AUT"]

1. d4 e5 2. dxe5 Nc6 3. Nf3 Qe7 4. Bg5 Qb4+ 5. Nc3 Qxb2 6. Bd2 Bb4 7. Rb1 Qa3 8.
Rb3 Qa5 9. e3 Bxc3 10. Bxc3 Qxa2 11. Bc4 Na5 12. Bxa5 Qxa5+ 13. Nd2 Qxe5 14. O-O
d6 15. Qf3 Nf6 16. Rfb1 O-O 17. Bd3 b6 18. Qxa8 Ng4 19. Nf3 Qh5 20. h3 Nf6 21. Rb5
Bd7 22. Rxh5 Rxa8 23. Rh4 h6 24. Ra1 Nd5 25. Be4 Be6 26. c4  1-0